Dania mengajar budak nakal

Bibliographic Details
Main Author: Muhd Ali Atan
Format: Book
Published: Selangor : Penerbit prisma sdn.bhd. , 1997
Series:Kembara kakak tua

MARC

LEADER 00000cam a2200000 7i4500
001 0000076235
005 20171030.0
008 171030
020 |a 9838235040 (set) 
020 |a 9838235083 
090 0 0 |a JF   |b MAL 
100 1 |a Muhd Ali Atan 
245 1 0 |a Dania mengajar budak nakal   |c Muhd Ali Atan 
260 |a Selangor :   |b Penerbit prisma sdn.bhd. ,   |c 1997 
490 1 |a Kembara kakak tua 
999 |a 0000802974   |b Book   |c Children Collection   |e Cawangan Pontian